[Event "British Rapidplay"]
[Site "Peterborough"]
[Date "2024.03.02"]
[Round "5"]
[White "Ortiz Sanchez, Luis"]
[Black "Cancedda Dupuis, Livio"]
[Result "0-1"]
[WhiteElo "1926"]
[BlackElo "1959"]
[PlyCount "92"]
[EventDate "2024.03.02"]
[EventType "swiss (rapid)"]
[EventRounds "11"]
[EventCountry "ENG"]
[SourceTitle "CB10_2024"]
[SourceDate "2024.03.06"]
[SourceVersion "1"]
[SourceVersionDate "2024.03.06"]
[SourceQuality "1"]

1. d4 Nf6 2. Nf3 e6 3. Bf4 d5 4. e3 Bd6 5. Nbd2 Bxf4 6. exf4 c5 7. c3 cxd4 8. cxd4 Nc6 9. Bd3 Qd6 10. g3 Qb4 11. Qb3 Bd7 12. 0-0 Qxb3 13. Nxb3 b6 14. Rac1 Ke7 15. Ne5 Rhc8 16. Ba6 Rc7 17. Rc3 Ne8 18. Rfc1 Nxe5 19. fxe5 Kd8 20. f4 Rxc3 21. Rxc3 Nc7 22. Bd3 h6 23. Kf2 Rc8 24. Ke3 Bb5 25. Rxc7 Rxc7 26. Bxb5 Rc2 27. Nd2 Rxb2 28. a4 Rc2 29. Kd3 Rc1 30. Ke3 Kc8 31. Be8 Rc3+ 32. Ke2 Rc7 33. Kd3 a6 34. Nb3 Re7 35. Bc6 Kc7 36. Bxd5 exd5 37. f5 h5 38. h3 Kc6 39. Ke3 b5 40. a5 b4 41. g4 hxg4 42. hxg4 Kb5 43. g5 Kc4 44. f6 gxf6 45. gxf6 Ra7 46. Nd2+ Kc3 0-1

[Event "Hastings Masters op"]
[Site "Hastings"]
[Date "2023.12.31"]
[Round "4"]
[White "Gimenez Menchon, Cesar"]
[Black "Ortiz Sanchez, Luis"]
[Result "1-0"]
[WhiteElo "2088"]
[BlackElo "1863"]
[PlyCount "199"]
[EventDate "2023.12.28"]
[EventType "swiss"]
[EventRounds "9"]
[EventCountry "ENG"]
[SourceTitle "CB02_2024"]
[SourceDate "2024.01.10"]
[SourceVersion "1"]
[SourceVersionDate "2024.01.10"]
[SourceQuality "1"]

1. e4 c5 2. c3 Nf6 3. e5 Nd5 4. Nf3 d6 5. Bb5+ Bd7 6. Bc4 e6 7. d4 Bc6 8. 0-0 Nd7 9. Bb3 cxd4 10. exd6 d3 11. Bxd5 Bxd5 12. Bf4 Nb6 13. Na3 Bxd6 14. Bxd6 Qxd6 15. Qxd3 Qf4 16. Qd4 Qxd4 17. Nxd4 0-0-0 18. Rfe1 Rhe8 19. f4 Nc4 20. Nxc4 Bxc4 21. Re5 Rd5 22. Rae1 Red8 23. a4 Rxe5 24. Rxe5 Rd5 25. Rxd5 Bxd5 26. Nb5 Kd7 27. Nxa7 Bb3 28. a5 Bc4 29. b4 Kc7 30. b5 f6 31. Kf2 Kd6 32. Ke3 Kc5 33. b6 Bd5 34. g3 Bg2 35. Nc8 Bh1 36. Kd3 Bg2 37. h4 h6 38. Na7 Bf1+ 39. Ke3 Bg2 40. Nc8 Bh1 41. Kd3 Bg2 42. Ne7 Bf1+ 43. Ke3 Bg2 44. g4 Bh3 45. Kf3 Kb5 46. f5 exf5 47. Nxf5 h5 48. Nd4+ Kxa5 49. gxh5 Kxb6 50. Kf4 Kc5 51. Nf5 Bxf5 52. Kxf5 Kc4 53. Kg6 f5 54. Kxf5 Kxc3 55. Kg6 b5 56. Kxg7 b4 57. h6 b3 58. h7 b2 59. h8Q b1Q 60. Qc8+ Kd2 61. Qd7+ Ke3 62. Qe6+ Kf4 63. h5 Qb7+ 64. Kh6 Qb8 65. Qf6+ Ke4 66. Kh7 Ke3 67. h6 Ke2 68. Kg7 Kd1 69. h7 Qc7+ 70. Kg8 Qc8+ 71. Kf7 Qd7+ 72. Qe7 Qf5+ 73. Ke8 Qh5+ 74. Kd8 Qa5+ 75. Kc8 Qa8+ 76. Kd7 Qa4+ 77. Kd8 Qa8+ 78. Kc7 Qa7+ 79. Kd6 Qb6+ 80. Ke5 Qe3+ 81. Kf6 Qh6+ 82. Kf5 Qh5+ 83. Ke6 Qg4+ 84. Kf7 Qf5+ 85. Kg7 Qg4+ 86. Kf8 Qf5+ 87. Ke8 Qh5+ 88. Kd8 Qa5+ 89. Qc7 Qa8+ 90. Kd7 Qa4+ 91. Kd6 Qd4+ 92. Kc6 Qc4+ 93. Kb7 Qb5+ 94. Kc8 Qa6+ 95. Kd7 Qb5+ 96. Kd8 Qg5+ 97. Kc8 Qg2 98. Qd6+ Kc2 99. h8Q Qa8+ 100. Qb8 1-0

[Event "BCF-ch rapidplay 34th"]
[Site "Bingley"]
[Date "2023.04.16"]
[Round "11"]
[White "Ortiz Sanchez, Luis"]
[Black "Bastow, Mark A"]
[Result "1/2-1/2"]
[WhiteElo "1940"]
[BlackElo "1826"]
[PlyCount "74"]
[EventDate "2023.04.15"]
[EventType "swiss (rapid)"]
[EventRounds "11"]
[EventCountry "ENG"]
[SourceTitle "CBM 213 Extra"]
[Source "ChessBase"]
[SourceDate "2023.05.31"]
[SourceVersion "1"]
[SourceVersionDate "2023.05.31"]
[SourceQuality "1"]

1. d4 d5 2. Nf3 e6 3. Bf4 c5 4. e3 Nc6 5. c3 Nf6 6. h3 Be7 7. Nbd2 0-0 8. Bd3 b6 9. Qe2 Bb7 10. 0-0 a6 11. a4 c4 12. Bc2 b5 13. axb5 axb5 14. e4 dxe4 15. Nxe4 Nd5 16. Bg5 h6 17. Bxe7 Qxe7 18. Nc5 Rxa1 19. Rxa1 Ra8 20. Re1 Nf6 21. Nxb7 Qxb7 22. Bb1 Qd7 23. Ne5 Nxe5 24. Qxe5 Qd5 25. Qc7 Qd8 26. Qc6 Qd5 27. Qb6 Nd7 28. Qc7 Nf6 29. Re5 Qd7 30. Qb6 Nd5 31. Qc5 Ra1 32. Re1 Ra7 33. Be4 Rc7 34. Qa3 Ra7 35. Qc5 Rc7 36. Qa3 Ra7 37. Qc5 Rc7 1/2-1/2

[Event "BCF-chT3E 2223 (4NCL)"]
[Site "England"]
[Date "2022.11.06"]
[Round "2.51"]
[White "Ortiz Sanchez, Luis"]
[Black "Vleeshhouwer, Douglas"]
[Result "1/2-1/2"]
[WhiteElo "2056"]
[BlackElo "2053"]
[PlyCount "40"]
[EventDate "2022.11.05"]
[EventType "team-tourn"]
[EventRounds "11"]
[EventCountry "ENG"]
[SourceTitle "EXT 2024"]
[Source "ChessBase"]
[SourceDate "2023.10.10"]
[SourceVersion "1"]
[SourceVersionDate "2023.10.10"]
[SourceQuality "1"]
[WhiteTeam "Iceni"]
[BlackTeam "Hull & East Riding Tigers"]
[WhiteTeamCountry "ENG"]
[BlackTeamCountry "ENG"]

1. e4 d6 2. d4 Nf6 3. Nc3 Nbd7 4. Nf3 e5 5. Bc4 Be7 6. 0-0 0-0 7. Re1 c6 8. a4 a5 9. h3 Nb6 10. Ba2 Nfd7 11. dxe5 dxe5 12. Be3 Qc7 13. Ng5 Nf6 14. Qd3 Bb4 15. Red1 Nfd7 16. Qe2 Nf6 17. Bb3 h6 18. Nf3 Nbd7 19. Qc4 Nb6 20. Qe2 Nbd7 1/2-1/2

[Event "London Mindsports Rapid"]
[Site "London"]
[Date "2022.09.11"]
[Round "7.5"]
[White "Finn, Peter"]
[Black "Ortiz Sanchez, Luis"]
[Result "0-1"]
[WhiteElo "1978"]
[BlackElo "1830"]
[PlyCount "160"]
[EventDate "2022.09.11"]
[EventType "swiss (rapid)"]
[EventRounds "9"]
[EventCountry "ENG"]
[SourceTitle "CBM 210 Extra"]
[Source "ChessBase"]
[SourceDate "2022.11.30"]
[SourceVersion "1"]
[SourceVersionDate "2022.11.30"]
[SourceQuality "1"]

1. e4 c5 2. Nf3 Nc6 3. d4 cxd4 4. Nxd4 g6 5. c4 Nf6 6. Nc3 d6 7. Be2 Nxd4 8. Qxd4 Bg7 9. Be3 0-0 10. Qd2 a5 11. 0-0 a4 12. Rfc1 Be6 13. Rab1 Qa5 14. b4 axb3 15. axb3 Qb4 16. Nd5 Nxd5 17. cxd5 Qxd2 18. Bxd2 Ra2 19. dxe6 Rxd2 20. exf7+ Kxf7 21. Bc4+ Kf6 22. Rd1 Rxd1+ 23. Rxd1 Ke5 24. f3 Ra8 25. Rd5+ Kf6 26. Rb5 Rb8 27. g4 Bh6 28. Ra5 Bd2 29. Rd5 Bf4 30. Ra5 Bd2 31. Ra2 Bf4 32. h4 h6 33. Kf2 b5 34. Bd3 b4 35. Bc4 Bc1 36. Ra5 Bf4 37. h5 Be5 38. hxg6 Kxg6 39. Ke3 Rf8 40. Rb5 Bc3 41. f4 Ra8 42. Bd3 Kg7 43. e5 Rd8 44. e6 Rc8 45. Rf5 Rf8 46. Ra5 Rc8 47. Bc4 Rc5 48. Ra7 Kf6 49. Ra8 Kg7 50. Re8 Rc7 51. Bb5 Bf6 52. Bc4 Bc3 53. Ke4 Bf6 54. Rb8 Bc3 55. Rb5 Rc8 56. Rb7 Kf6 57. g5+ hxg5 58. fxg5+ Kxg5 59. Rxe7 Bf6 60. Rf7 Rc5 61. Rb7 Re5+ 62. Kf3 d5 63. Rb5 Rxe6 64. Rxd5+ Re5 65. Rd7 Rf5+ 66. Ke4 Bc3 67. Re7 Rf4+ 68. Kd5 Rd4+ 69. Kc5 Rd8 70. Rf7 Kg6 71. Rf1 Kg5 72. Bd5 Kg4 73. Rf7 Kg5 74. Bc6 Kg6 75. Rf1 Kg5 76. Kc4 Rd4+ 77. Kc5 Rf4 78. Rg1+ Kf6 79. Bd5 Bd4+ 80. Kd6 Bxg1 0-1

[Event "London Mindsports Rapid"]
[Site "London"]
[Date "2022.09.11"]
[Round "9.3"]
[White "Taylor, Martin R"]
[Black "Ortiz Sanchez, Luis"]
[Result "1/2-1/2"]
[WhiteElo "2341"]
[BlackElo "1830"]
[PlyCount "146"]
[EventDate "2022.09.11"]
[EventType "swiss (rapid)"]
[EventRounds "9"]
[EventCountry "ENG"]
[SourceTitle "CBM 210 Extra"]
[Source "ChessBase"]
[SourceDate "2022.11.30"]
[SourceVersion "1"]
[SourceVersionDate "2022.11.30"]
[SourceQuality "1"]

1. d4 d5 2. c4 c6 3. cxd5 cxd5 4. Nc3 Nc6 5. e4 e6 6. Nf3 dxe4 7. Nxe4 Be7 8. Bd3 Nf6 9. 0-0 0-0 10. Nc3 Nb4 11. Be2 b6 12. Bg5 Nbd5 13. Ne5 Bb7 14. Bf3 Rc8 15. Rc1 h6 16. Bh4 Re8 17. Qb3 Qd6 18. Nb5 Qb8 19. Bg3 Qa8 20. Nd3 a6 21. Nd6 Bxd6 22. Bxd6 b5 23. Be5 Rxc1 24. Rxc1 Rc8 25. Nc5 Bc6 26. Qa3 a5 27. Bxf6 Nxf6 28. Bxc6 Rxc6 29. b4 a4 30. Qd3 Nd5 31. Qxb5 Rb6 32. Qxa4 Qxa4 33. Nxa4 Rxb4 34. Nc5 Rxd4 35. Kf1 Kf8 36. a4 Rd2 37. Ra1 Rc2 38. Nd3 Rd2 39. Ra3 f6 40. a5 Nc7 41. Ke1 Rc2 42. Kd1 Rc4 43. Kd2 Nb5 44. Rb3 Nd4 45. Rb4 Rxb4 46. Nxb4 Nb3+ 47. Kc3 Nxa5 48. Kd4 Ke7 49. f4 Nb7 50. Nd3 Nd6 51. g3 Nf5+ 52. Ke4 Kd6 53. Nb4 Ne7 54. Nd3 Nd5 55. Nb2 Nb6 56. Kd4 e5+ 57. fxe5+ fxe5+ 58. Ke4 Ke6 59. h3 g6 60. Nd3 Nd7 61. g4 Nf6+ 62. Ke3 Kd5 63. Nb4+ Kd6 64. Nd3 Nd5+ 65. Ke4 Nc3+ 66. Ke3 g5 67. Nf2 Ke6 68. Nh1 Kd5 69. Ng3 Nd1+ 70. Ke2 Nc3+ 71. Kd3 Nd1 72. Ke2 Nc3+ 73. Kd3 Nd1 1/2-1/2

[Event "Leamington Spa 4NCL op-A 28th"]
[Site "Leamington Spa"]
[Date "2022.07.08"]
[Round "1"]
[White "Ortiz Sanchez, Luis"]
[Black "Walker, Martin Graham"]
[Result "0-1"]
[WhiteElo "1871"]
[BlackElo "2154"]
[PlyCount "82"]
[EventDate "2022.07.08"]
[EventType "swiss"]
[EventRounds "5"]
[EventCountry "ENG"]
[SourceTitle "CBM 209 Extra"]
[Source "ChessBase"]
[SourceDate "2022.09.30"]
[SourceVersion "1"]
[SourceVersionDate "2022.09.30"]
[SourceQuality "1"]

1. e4 Nf6 2. e5 Nd5 3. d4 d6 4. Nf3 dxe5 5. Nxe5 g6 6. Bc4 c6 7. 0-0 Bg7 8. Re1 0-0 9. Bb3 Nd7 10. Nf3 N7f6 11. h3 Bf5 12. Qe2 b5 13. a4 a6 14. Ne5 Qc7 15. Nd2 Nd7 16. Ndf3 Nxe5 17. Nxe5 Rad8 18. axb5 axb5 19. Bd2 Ra8 20. Nf3 h6 21. Ne5 Rxa1 22. Rxa1 Qb6 23. c3 Bc8 24. Qf3 Be6 25. Bc2 b4 26. Bc1 bxc3 27. bxc3 c5 28. Be4 Nf6 29. Rb1 Qd6 30. Bf4 Nxe4 31. Qxe4 Bf5 32. Qe1 Bxb1 33. Qxb1 cxd4 34. Nd3 e5 35. Bd2 e4 36. Bf4 Qe7 37. Nb4 dxc3 38. Nc6 Qc5 39. Qxe4 c2 40. Bc1 Kh7 41. Nb4 Rd8 0-1

[Event "Newcastle Northumbria Masters"]
[Site "Newcastle on Tyne"]
[Date "2021.08.30"]
[Round "9"]
[White "Sedykh, Mikhail"]
[Black "Ortiz Sanchez, Luis"]
[Result "1/2-1/2"]
[WhiteElo "2124"]
[BlackElo "1899"]
[PlyCount "41"]
[EventDate "2021.08.26"]
[EventType "swiss"]
[EventRounds "9"]
[EventCountry "ENG"]
[SourceTitle "CBM 204 Extra"]
[Source "ChessBase"]
[SourceDate "2021.11.30"]
[SourceVersion "1"]
[SourceVersionDate "2021.11.30"]
[SourceQuality "1"]

1. d4 d5 2. c4 c6 3. Nf3 Nf6 4. e3 e6 5. Bd3 Nbd7 6. 0-0 Bd6 7. Nc3 0-0 8. b3 Re8 9. Qc2 e5 10. cxd5 cxd5 11. dxe5 Nxe5 12. Be2 Bg4 13. Nxe5 Bxe5 14. Bb2 Rc8 15. Bxg4 Nxg4 16. h3 Nf6 17. Qd3 d4 18. exd4 Qxd4 19. Qxd4 Bxd4 20. Rac1 h6 21. Rfd1 1/2-1/2

[Event "Bunratty Online"]
[Site "Chess.com INT"]
[Date "2021.02.20"]
[Round "2"]
[White "Ortiz Sanchez, Luis"]
[Black "Jones, Gawain C B"]
[Result "0-1"]
[WhiteElo "1899"]
[BlackElo "2670"]
[PlyCount "50"]
[EventDate "2021.02.20"]
[EventType "swiss (blitz)"]
[EventRounds "9"]
[EventCountry "IRL"]
[SourceTitle "CBM 200 Extra"]
[Source "ChessBase"]
[SourceDate "2021.03.31"]
[SourceVersion "1"]
[SourceVersionDate "2021.03.31"]
[SourceQuality "1"]

1. e4 e5 2. Nf3 Nc6 3. Nc3 Nf6 4. g3 Nxe4 5. Nxe4 d5 6. Nc3 d4 7. Ne4 f5 8. Qe2 Be7 9. d3 fxe4 10. Qxe4 0-0 11. Bg2 Bf5 12. Qe2 e4 13. dxe4 Bg4 14. h3 Bb4+ 15. Bd2 d3 16. Qe3 Bxf3 17. Bxf3 Bxd2+ 18. Kxd2 Ne5 19. b3 Rxf3 20. Qc5 dxc2+ 21. Qd5+ Qxd5+ 22. exd5 Rxf2+ 23. Kc3 Raf8 24. Rac1 R8f3+ 25. Kd4 Nd3 0-1

[Event "Hastings Masters op 95th"]
[Site "Hastings"]
[Date "2020.01.04"]
[Round "8"]
[White "Mineev, Sergey I"]
[Black "Ortiz Sanchez, Luis"]
[Result "1/2-1/2"]
[WhiteElo "1588"]
[BlackElo "1947"]
[PlyCount "108"]
[EventDate "2019.12.28"]
[EventType "swiss"]
[EventRounds "9"]
[EventCountry "ENG"]
[SourceTitle "CBM 194 Extra"]
[Source "ChessBase"]
[SourceDate "2020.03.31"]
[SourceVersion "1"]
[SourceVersionDate "2020.03.31"]
[SourceQuality "1"]

1. d4 d6 2. c4 e5 3. dxe5 dxe5 4. Qxd8+ Kxd8 5. Nf3 f6 6. Nc3 c6 7. Bd2 Be6 8. e3 Nd7 9. Be2 Kc7 10. Rc1 Nh6 11. 0-0 Nf7 12. Rfd1 Rd8 13. Be1 Kb8 14. Ne4 Be7 15. Bc3 Nb6 16. b3 Rxd1+ 17. Rxd1 Nd7 18. Kf1 Rd8 19. Ke1 Kc7 20. Rd2 b6 21. h3 Nc5 22. Nxc5 Bxc5 23. Rxd8 Kxd8 24. Bd3 h6 25. Ke2 Be7 26. Nh4 Nd6 27. Ng6 Bf7 28. Nxe7 Kxe7 29. Bb4 c5 30. Bc3 Be6 31. Kd2 Bd7 32. Ke2 Bc6 33. Kf1 Ke6 34. Bc2 a5 35. h4 g5 36. hxg5 hxg5 37. f3 Ne8 38. e4 Nc7 39. g4 Kd6 40. Bd1 Be8 41. Kf2 Na6 42. a4 Nb8 43. Ke3 Nd7 44. Kd3 Bg6 45. Bd2 Nb8 46. Bc3 Ke6 47. Ke3 Nc6 48. Kd3 Kd6 49. Ke3 Nb4 50. Bxb4 cxb4 51. Kd3 Kc5 52. Bc2 Be8 53. Bd1 Bd7 54. Bc2 Bc6 1/2-1/2